000
00258nam a22000977a 4500
008
230609b |||||||| |||| 00| 0 eng d
020
_a
9780603576713
100
_a
Brallier Max
_9
7685
245
_a
The Last Kids on Earth-1
260
_a
United States
_b
Viking
_c
2015
999
_c
12319
_d
12319